| 000 | 00358 a2200109 4500 | ||
|---|---|---|---|
| 001 | ART_11556 | ||
| 005 | 20260410161858.0 | ||
| 008 | 260409a | ||
| 245 | 1 | 0 | _aThe median voter rule and the theory of political choice |
| 100 | 1 | _aComanor, William S. | |
| 773 | 0 |
_tJournal of public economics _g- Vol. 5, NÂș 1/2 (ene./feb. 1976) _wREV11485 |
|
| 999 |
_c25637 _d25637 |
||